<?xml version="1.0" encoding="UTF-8"?>
<record
    xmlns:xsi="http://www.w3.org/2001/XMLSchema-instance"
    xsi:schemaLocation="http://www.loc.gov/MARC21/slim http://www.loc.gov/standards/marcxml/schema/MARC21slim.xsd"
    xmlns="http://www.loc.gov/MARC21/slim">

  <leader>01293nam a2200265   4500</leader>
  <controlfield tag="003">DO-SdUA</controlfield>
  <controlfield tag="005">20250325093536.0</controlfield>
  <controlfield tag="008">      t2020    dr a|| eq||d0 |a||0|spa d</controlfield>
  <datafield tag="040" ind1=" " ind2=" ">
    <subfield code="a">DO-SdUA</subfield>
    <subfield code="b">spa</subfield>
    <subfield code="c">DO-SdUA</subfield>
  </datafield>
  <datafield tag="041" ind1="0" ind2=" ">
    <subfield code="a">spa</subfield>
  </datafield>
  <datafield tag="092" ind1=" " ind2=" ">
    <subfield code="a">CD MA-PPGE 0008 FCE 2020</subfield>
  </datafield>
  <datafield tag="100" ind1="1" ind2=" ">
    <subfield code="a">Dipr&#xE9; de la Rosa, Santa</subfield>
  </datafield>
  <datafield tag="245" ind1="1" ind2="0">
    <subfield code="a">Estrategia pedag&#xF3;gica para el proceso de ense&#xF1;anza aprendizaje de los ni&#xF1;os y ni&#xF1;as del grado pre-primario, en el Centro Educativo La Guama, Distrito Educativo 04-01, per&#xED;odo 2018-2019 / </subfield>
    <subfield code="c">Santa Dipr&#xE9; de la Rosa, Viviana Tejeda Garabito.</subfield>
  </datafield>
  <datafield tag="260" ind1=" " ind2=" ">
    <subfield code="a">San Crist&#xF3;bal :</subfield>
    <subfield code="b">UASD,</subfield>
    <subfield code="c">2020.</subfield>
  </datafield>
  <datafield tag="300" ind1=" " ind2=" ">
    <subfield code="a">iii, 95, h. :</subfield>
    <subfield code="b">il.</subfield>
  </datafield>
  <datafield tag="502" ind1=" " ind2=" ">
    <subfield code="a">Tesis y trabajo de grado (Maestr&#xED;a en Procesos Pedag&#xF3;gicos y Gesti&#xF3;n de la Educaci&#xF3;n Infantil)--  Universidad Aut&#xF3;noma de Santo Domingo, San Crist&#xF3;bal, 2020.</subfield>
  </datafield>
  <datafield tag="504" ind1=" " ind2=" ">
    <subfield code="a">Incluye referencias bibliogr&#xE1;ficas y anexos.</subfield>
  </datafield>
  <datafield tag="530" ind1=" " ind2=" ">
    <subfield code="a">Tambi&#xE9;n disponible en CD-ROM (CD MA-PPGE 0008 FCE 2020).</subfield>
  </datafield>
  <datafield tag="650" ind1=" " ind2="7">
    <subfield code="2">lemb</subfield>
    <subfield code="9">57869</subfield>
    <subfield code="a">Pedagog&#xED;a</subfield>
    <subfield code="x">Estrategia y T&#xE9;cnicas</subfield>
  </datafield>
  <datafield tag="650" ind1=" " ind2="7">
    <subfield code="2">lemb</subfield>
    <subfield code="9">10519</subfield>
    <subfield code="a">Educaci&#xF3;n preescolar</subfield>
  </datafield>
  <datafield tag="650" ind1=" " ind2="7">
    <subfield code="2">lemb</subfield>
    <subfield code="9">11757</subfield>
    <subfield code="a">Ense&#xF1;anza-aprendizaje</subfield>
    <subfield code="v">Evaluaci&#xF3;n</subfield>
  </datafield>
  <datafield tag="700" ind1="1" ind2=" ">
    <subfield code="a">Tejeda Garabito, Viviana </subfield>
  </datafield>
  <datafield tag="830" ind1=" " ind2=" ">
    <subfield code="a">Tesis y disertaciones acad&#xE9;micas (Universidad Aut&#xF3;noma de Santo Domingo)</subfield>
  </datafield>
  <datafield tag="942" ind1=" " ind2=" ">
    <subfield code="2">cl</subfield>
    <subfield code="c">T</subfield>
    <subfield code="n">0</subfield>
  </datafield>
  <datafield tag="999" ind1=" " ind2=" ">
    <subfield code="c">12695</subfield>
    <subfield code="d">12695</subfield>
  </datafield>
</record>
